000 01704nam a2200289 4500
001 113899
003 DR-UNIBE
005 20250721095859.0
008 250721b2008 dr ||||| |||| 00| 0 spa d
020 _a9789945162165
040 _aBIBLIOTECA UNIBE
_cBIBLIOTECA UNIBE
_bspa
041 _aspa
_hspa
082 _222
_aRD 346.015 E91d
100 1 _aEusebio Gautreau, Dora Evangelina
_eautor
_9197478
245 1 0 _aDerecho de familia y de la personalidad /
_cDora Evangelina Eusebio Gautreau
250 _aSegunda edición ampliada y actualizada
260 _aSanto Domingo :
_bMericarib, S.A.,
_c2008
300 _axxvi, 325 páginas ;
_c21 cm
500 0 _aPrólogo a la segunda edición | Prefacio a la primera edición | Capítulo I. La familia y el derecho de familia | Capítulo II. Origen y evolución de la familia | Capítulo III. La familia en la legislación dominicana | Capítulo IV. Los sujetos de derecho. Las personas | Capítulo V. La ausencia y la desaparición | Capítulo VI. Los derechos de la personalidad | Capítulo VII. Atentados contra la personalidad y la dignidad de las personas | Capítulo VIII. El estado civil de las personas | Capítulo IX. Las actas del estado civil | Capítulo X. Las relaciones de pareja. El matrimonio | Capítulo XI. Las uniones consensuales | Capítulo XII. El divorcio
504 _aIncluye referencias bibliográficas (páginas: 319-325) e índice
650 7 _2lemb
_aDerecho de familia
_zRepública Dominicana
_914939
650 7 _2lemb
_aDerecho civil
650 7 _2lemb
_aPersonalidad (Derecho)
_931701
650 7 _2lemb
_aFamilia
_xAspectos sociales
_9197479
650 7 _2lemb
_aRelaciones familiares
942 _2ddc
_cBK
999 _c113899
_d113899